000 00706nam a22002171i 4500
001 000030331
003 RuMoIPM
005 20260416124251.0
008 041129s1980----ru | c rus
040 _aRuMoIPM
_brus
_ercr
041 0 _arus
080 _a51
080 _a372.851
080 _a378.14:51
100 1 _aКудрявцев, Лев Дмитриевич
245 1 _aСовременная математика и ее преподавание
_b[Учеб. пособие для мат. спец. ун-тов и пед. ин-тов]
_cЛ. Д. Кудрявцев
260 _aМосква
_bНаука
_c1980
300 _a143 с.
504 _aБиблиогр.: с. 142
942 _cBK
999 _c30331
_d30331